000 00891nam0a22002651 4500
001 rc\68913
005 20250620170224.0
010 _a5-06-002559-4
_9100000
035 _a(NLR Aleph) 005342227
090 _a6706010
_c6706010
100 _a20021216d1992 |||y0rusy50 ca
101 0 _arus
102 _aRU
105 _ay |||||||||
200 1 _aДьявол
_eИст. роман из времен Людовика XI
_eПер. с нем.
_fАльфред Нейман
_gПредисл. А.П. Левандовского
210 _aМ.
_cВысш. школа
_d1992
215 _a333, [2] с.
_d21
225 1 _aБиблиотека историка
700 1 _7ca
_8rus
_aНейман
_bА.
_f1895-1952
_gАльфред
_9156633
_3RU\NLR\AUTH\770156673
801 0 _aRU
_bNLR
_gpsbo
801 1 _aRU
_bELAR
_2rusmarc
852 _aNLR
_j92-3/4768
942 _cBOOK
980 _aNB